[Event "Bangabandhu-chT"]
[Site "Dhaka"]
[Date "2024.02.08"]
[Round "8.3"]
[White "Ter Sahakyan, Samvel"]
[Black "Mohammed Abdul, Malek"]
[Result "1-0"]
[WhiteElo "2640"]
[BlackElo "2047"]
[PlyCount "67"]
[EventDate "2024.02.01"]
[EventType "team-tourn"]
[EventRounds "11"]
[EventCountry "BAN"]
[SourceTitle "CB07_2024"]
[SourceDate "2024.02.14"]
[SourceVersion "1"]
[SourceVersionDate "2024.02.14"]
[SourceQuality "1"]
[WhiteTeam "Bangladesh Police"]
[BlackTeam "Leonine CC"]
[WhiteTeamCountry "BAN"]
[BlackTeamCountry "BAN"]

1. d4 d5 2. c4 e6 3. Nc3 Nf6 4. Nf3 a6 5. g3 Nbd7 6. Bg2 dxc4 7. 0-0 Rb8 8. e4 Nb6 9. a4 a5 10. Bf4 Bb4 11. Nb5 Na8 12. Ne5 Bd7 13. Nxc4 0-0 14. Ne5 Be8 15. g4 Rc8 16. g5 Nd7 17. Nd3 Be7 18. h4 Ndb6 19. Nc5 Bxc5 20. dxc5 Qxd1 21. Rfxd1 Nxa4 22. Rxa4 Bxb5 23. Rxa5 Bc6 24. b4 b6 25. Ra7 Rfe8 26. Be5 bxc5 27. bxc5 Rf8 28. Bg3 Rfe8 29. f3 e5 30. Rb1 Bd7 31. Bf1 f6 32. Ba6 Rcd8 33. Bb7 Be6 34. Rba1 1-0

[Event "South Asian Chess Council-ch"]
[Site "Godawari"]
[Date "2023.06.17"]
[Round "7"]
[White "Mohammed Abdul, Malek"]
[Black "Mohammad, Nubairshah Shaikh"]
[Result "0-1"]
[WhiteElo "2113"]
[BlackElo "2415"]
[PlyCount "56"]
[EventDate "2023.06.14"]
[EventType "tourn"]
[EventRounds "9"]
[EventCountry "NEP"]
[SourceTitle "CBM 214 Extra"]
[Source "ChessBase"]
[SourceDate "2023.07.31"]
[SourceVersion "1"]
[SourceVersionDate "2023.07.31"]
[SourceQuality "1"]

1. e4 c5 2. Nf3 e6 3. d4 cxd4 4. Nxd4 a6 5. Nc3 Qc7 6. Be3 Bb4 7. Qd2 Nf6 8. Bd3 d5 9. exd5 Nxd5 10. Nde2 Nd7 11. 0-0 Nxe3 12. Qxe3 Bd6 13. Qh3 Ne5 14. Rad1 Bd7 15. f4 Nxd3 16. Rxd3 0-0 17. Ne4 Be7 18. N2c3 Bb5 19. Nxb5 axb5 20. f5 exf5 21. Qxf5 Rxa2 22. Rd7 Qb6+ 23. Kh1 Qe6 24. h3 Rxb2 25. Rxb7 Rb1 26. Rxb1 Qxf5 27. Rxe7 Rd8 28. Kg1 Kf8 0-1

[Event "Asia zt 3.2"]
[Site "Dhaka"]
[Date "2023.05.02"]
[Round "1"]
[White "Mohammed Abdul, Malek"]
[Black "Siam, Chowdhury"]
[Result "1-0"]
[WhiteElo "2087"]
[BlackElo "1765"]
[PlyCount "71"]
[EventDate "2023.05.02"]
[EventType "swiss"]
[EventRounds "9"]
[EventCountry "BAN"]
[SourceTitle "CBM 214 Extra"]
[Source "ChessBase"]
[SourceDate "2023.07.31"]
[SourceVersion "1"]
[SourceVersionDate "2023.07.31"]
[SourceQuality "1"]

1. c4 c6 2. Nf3 d5 3. e3 Nf6 4. b3 e6 5. Bb2 Nbd7 6. Be2 Bd6 7. Nc3 b6 8. 0-0 Bb7 9. Rc1 Rc8 10. d4 0-0 11. cxd5 cxd5 12. Nb5 Rxc1 13. Qxc1 Bb8 14. Ba3 Re8 15. Qc2 Ne4 16. Rc1 Qf6 17. Bd3 h6 18. Bxe4 dxe4 19. Nd2 Qg6 20. Bd6 e5 21. Bxb8 Rxb8 22. Nxa7 exd4 23. Qc7 dxe3 24. fxe3 Qe6 25. Nc4 Ba6 26. Rd1 Rb7 27. Qd8+ Kh7 28. Rd6 Qg4 29. Nc6 Bxc4 30. bxc4 Nc5 31. Ne7 Rxe7 32. Qxe7 f5 33. Qf7 Nd3 34. h3 Qg3 35. Qxf5+ g6 36. Qf7+ 1-0

[Event "BAN-chT"]
[Site "Dhaka"]
[Date "2022.03.12"]
[Round "3.2"]
[White "Mohammed Abdul, Malek"]
[Black "Sadnan Hasan, Dihan"]
[Result "1/2-1/2"]
[WhiteElo "2148"]
[BlackElo "2132"]
[PlyCount "101"]
[EventDate "2022.03.10"]
[EventType "team-tourn"]
[EventRounds "11"]
[EventCountry "BAN"]
[SourceTitle "CBM 207 Extra"]
[Source "ChessBase"]
[SourceDate "2022.05.31"]
[SourceVersion "1"]
[SourceVersionDate "2022.05.31"]
[SourceQuality "1"]
[WhiteTeam "Titas CC"]
[BlackTeam "Rupali Bank Krira Parisad"]
[WhiteTeamCountry "BAN"]
[BlackTeamCountry "BAN"]

1. d4 Nf6 2. c4 c5 3. d5 e6 4. Nc3 exd5 5. cxd5 d6 6. e4 g6 7. Nf3 Bg7 8. Bd3 0-0 9. 0-0 Bg4 10. h3 Bxf3 11. Qxf3 a6 12. a4 Nbd7 13. Qd1 Re8 14. Bg5 Qc7 15. Qd2 c4 16. Bc2 Nc5 17. Rae1 Nfd7 18. Kh1 Rab8 19. Bh6 Bh8 20. f4 b5 21. axb5 axb5 22. e5 b4 23. Ne4 Nxe4 24. Bxe4 Nc5 25. Bc2 dxe5 26. f5 e4 27. Bf4 Be5 28. d6 Bxf4 29. Qxf4 Qd7 30. f6 Ne6 31. Qh6 Qxd6 32. Rxe4 Qf8 33. Qe3 b3 34. Bd1 Nc5 35. Re7 Ne6 36. Qe5 Rbd8 37. Be2 Rxe7 38. fxe7 Qxe7 39. Bxc4 Qc5 40. Qc3 Rc8 41. Bxe6 fxe6 42. Qxb3 Qc4 43. Qf3 e5 44. Qf6 Re8 45. Rd1 Qf7 46. Qxf7+ Kxf7 47. b4 Rb8 48. Rb1 Ke6 49. Kg1 Rf8 50. Rf1 Rb8 51. Rb1 1/2-1/2

[Event "Dhaka Sheikh Russel op"]
[Site "Dhaka"]
[Date "2021.10.26"]
[Round "8"]
[White "Liyanage, Ranindu Dilshan"]
[Black "Mohammed Abdul, Malek"]
[Result "1-0"]
[WhiteElo "2273"]
[BlackElo "2112"]
[PlyCount "131"]
[EventDate "2021.10.19"]
[EventType "swiss"]
[EventRounds "9"]
[EventCountry "BAN"]
[SourceTitle "EXT 2023"]
[Source "ChessBase"]
[SourceDate "2022.10.05"]
[SourceVersion "1"]
[SourceVersionDate "2022.10.05"]
[SourceQuality "1"]

1. e4 e5 2. Nf3 Nc6 3. d4 exd4 4. Nxd4 Bc5 5. Nb3 Bb6 6. Nc3 Qf6 7. Qe2 Nge7 8. h4 h6 9. Be3 0-0 10. 0-0-0 d6 11. Kb1 Ne5 12. f4 Ng4 13. Bxb6 axb6 14. g3 h5 15. Nb5 Bd7 16. Qd2 Bc6 17. Nc3 Nf5 18. Bd3 Nd4 19. Rhf1 Nxb3 20. cxb3 Rae8 21. Bc2 b5 22. b4 Re7 23. a4 b6 24. axb5 Bb7 25. Rde1 Rfe8 26. Re2 Ne5 27. Rd1 Ng4 28. Rde1 Kf8 29. Qd3 Qg6 30. Qd2 Qf6 31. Bb3 Qg6 32. f5 Qh6 33. Qxh6 Nxh6 34. Bd5 Bxd5 35. Nxd5 Rd7 36. Rc2 Nxf5 37. Nxc7 Re5 38. Nd5 Rd8 39. Rc3 Nd4 40. Rc6 Nxb5 41. Rxb6 Nd4 42. Nf4 d5 43. Rf1 Rxe4 44. Nxh5 Kg8 45. Rb7 Rf8 46. Nf4 Rd8 47. Rd1 Nf5 48. Rxd5 Re1+ 49. Ka2 Rxd5 50. Nxd5 Nxg3 51. b5 Re5 52. Rd7 Ne4 53. b6 Nc5 54. Rd8+ Kh7 55. b4 Nb7 56. Rd7 f5 57. Nc3 f4 58. Rxb7 Kg6 59. Rd7 Re6 60. b7 Re8 61. Kb3 f3 62. Nd1 Kh6 63. Rf7 Rb8 64. Rxf3 Rxb7 65. Nc3 Kh5 66. Rf4 1-0

[Event "Dhaka Sheikh Russel op"]
[Site "Dhaka"]
[Date "2021.10.21"]
[Round "3"]
[White "Mohammed Abdul, Malek"]
[Black "Abdisalimov, Abdimalik"]
[Result "0-1"]
[WhiteElo "2112"]
[BlackElo "2406"]
[PlyCount "66"]
[EventDate "2021.10.19"]
[EventType "swiss"]
[EventRounds "9"]
[EventCountry "BAN"]
[SourceTitle "CBM 204 Extra"]
[Source "ChessBase"]
[SourceDate "2021.11.30"]
[SourceVersion "1"]
[SourceVersionDate "2021.11.30"]
[SourceQuality "1"]

1. d4 Nf6 2. c4 e6 3. Nf3 c5 4. d5 exd5 5. cxd5 d6 6. Nc3 g6 7. e4 Bg7 8. h3 0-0 9. Be2 Re8 10. Qc2 Qe7 11. Nd2 Bd7 12. a4 Na6 13. Bxa6 bxa6 14. 0-0 Rab8 15. Qd3 Rb4 16. Re1 Nh5 17. Nc4 Bd4 18. e5 dxe5 19. d6 Qe6 20. Ne3 Qxd6 21. Ned5 Rbb8 22. g4 Nf6 23. Nxf6+ Qxf6 24. Ne4 Qc6 25. Bg5 Rxb2 26. Rac1 f5 27. Nf6+ Kf7 28. Re2 Rxe2 29. Qxe2 h6 30. Nxd7 Qxd7 31. Bxh6 Rb8 32. Be3 Rb2 33. Qc4+ Qe6 0-1

[Event "BAN Games Blitz 9th"]
[Site "Dhaka"]
[Date "2021.04.03"]
[Round "4.6"]
[White "Mohammed Abdul, Malek"]
[Black "Ahmed, Sk Nasir"]
[Result "1/2-1/2"]
[WhiteElo "2125"]
[BlackElo "2176"]
[PlyCount "113"]
[EventDate "2021.04.03"]
[EventType "swiss (blitz)"]
[EventRounds "9"]
[EventCountry "BAN"]
[SourceTitle "CBM 201 Extra"]
[Source "ChessBase"]
[SourceDate "2021.05.31"]
[SourceVersion "1"]
[SourceVersionDate "2021.05.31"]
[SourceQuality "1"]

1. d4 Nf6 2. Nf3 e6 3. g3 b6 4. Bg2 Bb7 5. 0-0 g6 6. c4 Bg7 7. Nc3 Ne4 8. Qc2 Nxc3 9. Qxc3 0-0 10. h4 h6 11. Qd3 d6 12. e4 Nd7 13. Be3 Qe7 14. b4 a5 15. a3 axb4 16. axb4 Rxa1 17. Rxa1 Ra8 18. Rxa8+ Bxa8 19. Nd2 Qf8 20. Qa3 Bb7 21. Nb3 Qa8 22. Qxa8+ Bxa8 23. f4 Kf8 24. e5 Bxg2 25. Kxg2 h5 26. Kf3 dxe5 27. dxe5 f6 28. exf6 Bxf6 29. Ke4 Bc3 30. Bd2 Nf6+ 31. Kd3 Bb2 32. Be3 Ke7 33. Bd4 Ba3 34. c5 Bxb4 35. cxb6 cxb6 36. Bxb6 Be1 37. Bc5+ Kf7 38. Ke2 Bxg3 39. Kf3 Bxh4 40. Bb4 Nd7 41. Nd2 e5 42. Nc4 exf4 43. Kxf4 Be7 44. Bxe7 Kxe7 45. Kg5 Kf7 46. Nd6+ Kg7 47. Ne8+ Kh7 48. Nd6 Nf8 49. Ne4 Ne6+ 50. Kf6 Nd4 51. Ng5+ Kh6 52. Nf7+ Kh7 53. Ng5+ Kg8 54. Kxg6 h4 55. Kh5 Nf3 56. Nxf3 Kh8 57. Kxh4 1/2-1/2

[Event "BAN Games Rapid 9th"]
[Site "Dhaka"]
[Date "2021.04.03"]
[Round "9.7"]
[White "Mohammed Abdul, Malek"]
[Black "Chowdhury, Sohel"]
[Result "0-1"]
[WhiteElo "2125"]
[BlackElo "2091"]
[PlyCount "65"]
[EventDate "2021.04.02"]
[EventType "swiss (rapid)"]
[EventRounds "9"]
[EventCountry "BAN"]
[SourceTitle "CBM 201 Extra"]
[Source "ChessBase"]
[SourceDate "2021.05.31"]
[SourceVersion "1"]
[SourceVersionDate "2021.05.31"]
[SourceQuality "1"]

1. d4 d5 2. c4 c6 3. Nf3 Nf6 4. e3 e6 5. Nbd2 Nbd7 6. Bd3 Bd6 7. 0-0 0-0 8. e4 dxe4 9. Nxe4 Nxe4 10. Bxe4 h6 11. Bc2 Qc7 12. Qd3 Nf6 13. c5 Bf4 14. g3 Bxc1 15. Raxc1 Rd8 16. Rfe1 a5 17. a3 a4 18. Ne5 Bd7 19. Nc4 Be8 20. Nd6 b6 21. Re3 Rxd6 22. cxd6 Qxd6 23. Rd1 b5 24. Rd2 Rd8 25. Bd1 Nd5 26. Re1 Nb6 27. Re4 Nc4 28. Rde2 c5 29. Rh4 cxd4 30. Bc2 f5 31. Bb1 Bc6 32. Ba2 Qd5 33. f3 0-1

[Event "BAN-ch Morning Glory Online"]
[Site "Chess.com INT"]
[Date "2020.10.29"]
[Round "2"]
[White "Hossain, Enamul"]
[Black "Mohammed Abdul, Malek"]
[Result "1-0"]
[WhiteElo "2474"]
[BlackElo "2140"]
[PlyCount "131"]
[EventDate "2020.10.29"]
[EventType "swiss"]
[EventRounds "9"]
[EventCountry "BAN"]
[SourceTitle "EXT 2022"]
[Source "ChessBase"]
[SourceDate "2021.10.06"]
[SourceVersion "1"]
[SourceVersionDate "2021.10.06"]
[SourceQuality "1"]

1. e4 e6 2. d4 d5 3. Nc3 Nf6 4. e5 Nfd7 5. Nce2 c5 6. c3 Nc6 7. Nf3 a6 8. a3 b5 9. Nf4 Qb6 10. Be3 cxd4 11. cxd4 Na5 12. b3 Bb7 13. Bd3 Rc8 14. 0-0 Be7 15. Nd2 Rc3 16. Qb1 h6 17. Qb2 b4 18. Be2 0-0 19. Nd3 Rfc8 20. axb4 Bxb4 21. Nxb4 Qxb4 22. Ra4 Qb6 23. b4 Rc2 24. Qb1 Nc4 25. Nxc4 R2xc4 26. Bxc4 dxc4 27. Ra5 Qc6 28. f3 Nb6 29. b5 axb5 30. Rxb5 Nd5 31. Rxb7 Nxe3 32. Rc1 g5 33. Rb8 Kg7 34. Rxc8 Qxc8 35. Qb4 Qd7 36. Qd2 Nf5 37. Rxc4 Qd5 38. Rb4 Qa5 39. h3 Qa3 40. Rb1 Ne3 41. Re1 Nd5 42. h4 gxh4 43. Re4 h3 44. Rg4+ Kf8 45. Qxh6+ Ke7 46. Qxh3 Qe3+ 47. Kh2 Qd2 48. Qh4+ Kd7 49. Rg8 Qf4+ 50. Qxf4 Nxf4 51. Rg4 Nd5 52. Kg1 Ne7 53. Rf4 Ke8 54. Kf2 Nd5 55. Rh4 Ke7 56. f4 Kf8 57. Kf3 Kg7 58. g4 Nc3 59. Rh1 Nd5 60. f5 Nc3 61. Rc1 Nd5 62. Rc5 Kg8 63. Rxd5 exd5 64. Kf4 Kg7 65. g5 Kf8 66. f6 1-0

[Event "Joytu Sheikh Hasina Online op"]
[Site "Chess.com INT"]
[Date "2020.09.26"]
[Round "7"]
[White "Mohammed Abdul, Malek"]
[Black "Muhammed, Shuaau"]
[Result "0-1"]
[WhiteElo "2134"]
[BlackElo "1925"]
[PlyCount "74"]
[EventDate "2020.09.24"]
[EventType "swiss"]
[EventRounds "9"]
[EventCountry "BAN"]
[SourceTitle "EXT 2022"]
[Source "ChessBase"]
[SourceDate "2021.10.06"]
[SourceVersion "1"]
[SourceVersionDate "2021.10.06"]
[SourceQuality "1"]

1. d4 d5 2. c4 e6 3. Nc3 Nf6 4. Nf3 Be7 5. Bf4 0-0 6. e3 a6 7. Rc1 dxc4 8. Bxc4 b5 9. Bd3 Bb7 10. 0-0 Nbd7 11. a3 c5 12. Bb1 cxd4 13. exd4 Nd5 14. Nxd5 Bxd5 15. Re1 Rc8 16. Qd3 g6 17. Rxc8 Qxc8 18. Rc1 Qa8 19. Rc7 Rd8 20. Ne1 Bf6 21. f3 Nb6 22. Nc2 Bc4 23. Qd2 Nd5 24. Rc5 Be7 25. h3 Bxc5 26. dxc5 Nxf4 27. Qxf4 Rd1+ 28. Kh2 Rxb1 29. Ne3 h5 30. b4 Re1 31. Nc2 Rd1 32. Nd4 Qd5 33. Nc2 e5 34. Qf6 Qd3 35. c6 Qxc2 36. c7 Be6 37. Qxe5 Rc1 0-1

[Event "Joytu Sheikh Hasina Online op"]
[Site "Chess.com INT"]
[Date "2020.09.24"]
[Round "3"]
[White "Liyanage, Ranindu Dilshan"]
[Black "Mohammed Abdul, Malek"]
[Result "1-0"]
[WhiteElo "2133"]
[BlackElo "2134"]
[PlyCount "73"]
[EventDate "2020.09.24"]
[EventType "swiss"]
[EventRounds "9"]
[EventCountry "BAN"]
[SourceTitle "EXT 2022"]
[Source "ChessBase"]
[SourceDate "2021.10.06"]
[SourceVersion "1"]
[SourceVersionDate "2021.10.06"]
[SourceQuality "1"]

1. e4 c6 2. Nf3 d5 3. Nc3 g6 4. exd5 cxd5 5. Bb5+ Nc6 6. Ne5 Qd6 7. d4 Bg7 8. Bf4 Qe6 9. 0-0 a6 10. Bxc6+ bxc6 11. Re1 Bxe5 12. Bxe5 Nf6 13. Na4 0-0 14. Nb6 Bb7 15. Nxa8 Bxa8 16. Qd3 c5 17. dxc5 Ne4 18. Bd4 Qc6 19. f3 Nxc5 20. Qc3 Rc8 21. Rxe7 Ne6 22. Qxc6 Bxc6 23. Bf6 d4 24. Rd1 Bb5 25. Bxd4 Rxc2 26. Bc3 h5 27. Rb7 g5 28. Rb6 g4 29. fxg4 hxg4 30. Rb8+ Kh7 31. Rh8+ Kg6 32. Rd5 Bc6 33. Rd2 Rc1+ 34. Kf2 Nc5 35. Rd6+ Kf5 36. Rh5+ Ke4 37. Rd4# 1-0

[Event "Dhaka Saarc op"]
[Site "Dhaka"]
[Date "2019.11.29"]
[Round "5"]
[White "Mohammed Abdul, Malek"]
[Black "Mohammad, Javed"]
[Result "1-0"]
[WhiteElo "2196"]
[BlackElo "2141"]
[PlyCount "119"]
[EventDate "2019.11.25"]
[EventType "swiss"]
[EventRounds "9"]
[EventCountry "BAN"]
[SourceTitle "CBM 193 Extra"]
[Source "ChessBase"]
[SourceDate "2020.01.31"]
[SourceVersion "1"]
[SourceVersionDate "2020.01.31"]
[SourceQuality "1"]

1. d4 d5 2. Bf4 Nf6 3. e3 c5 4. c3 e6 5. Nd2 Bd6 6. Bg3 0-0 7. Bd3 Nc6 8. Ngf3 b6 9. dxc5 bxc5 10. e4 Qc7 11. Qe2 dxe4 12. Bxd6 exd3 13. Qxd3 Rd8 14. Qxh7+ Kxh7 15. Bxc7 Rd7 16. Bg3 Ba6 17. 0-0-0 Be2 18. Rde1 Bd3 19. Ne5 Nxe5 20. Rxe5 c4 21. Rc5 Rad8 22. Bh4 Be2 23. Bxf6 gxf6 24. Nxc4 Bxc4 25. Rxc4 Rd2 26. Rf1 Re2 27. Rd4 Rxd4 28. cxd4 Kg6 29. Rd1 Rxf2 30. Rd2 Rf1+ 31. Kc2 Rf5 32. b4 Kg7 33. a4 Kf8 34. Kd3 Ke7 35. Rc2 Kd6 36. b5 Rf1 37. Rc6+ Kd5 38. Rc7 Rd1+ 39. Ke2 Rb1 40. Kd3 Rb3+ 41. Kc2 Rb4 42. Rxa7 Kxd4 43. h4 Kc5 44. Kc3 Rxh4 45. Rc7+ Kb6 46. Rc6+ Kb7 47. a5 Rh8 48. a6+ Kb8 49. Kb3 Rh5 50. Rb6+ Ka8 51. Rb7 Rg5 52. Rxf7 Rxg2 53. Rxf6 e5 54. b6 Rg8 55. Re6 Kb8 56. Kb4 e4 57. Rxe4 Rc8 58. Kb5 Rg8 59. a7+ Ka8 60. Ka6 1-0